LEADER 06278nam 22006972 450 001 9910450112003321 005 20210531145055.0 010 $a1-280-46523-9 010 $a9786610465231 010 $a1-4237-1176-9 010 $a90-474-0283-9 024 7 $a10.1163/9789047402831 035 $a(CKB)1000000000033105 035 $a(EBL)253728 035 $a(OCoLC)191039391 035 $a(SSID)ssj0000176832 035 $a(PQKBManifestationID)11170571 035 $a(PQKBTitleCode)TC0000176832 035 $a(PQKBWorkID)10206976 035 $a(PQKB)10273427 035 $a(MiAaPQ)EBC253728 035 $a(Au-PeEL)EBL253728 035 $a(CaPaEBR)ebr10089756 035 $a(CaONFJC)MIL46523 035 $a(OCoLC)60827509 035 $a(nllekb)BRILL9789047402831 035 $a(EXLCZ)991000000000033105 100 $a20200716d2004 uy 0 101 0 $aeng 135 $aurcn||||||||| 181 $ctxt 182 $cc 183 $acr 200 10$aImmigration and Ethnic Formation in a Deeply Divided Society $eThe Case of the 1990s Immigrants from the Former Soviet Union in Israel /$fMajid Al-Haj 210 1$aLeiden; $aBoston :$cBRILL,$d2004. 215 $a1 online resource (265 p.) 225 1 $aInternational Studies in Sociology and Social Anthropology ;$v91 300 $aDescription based upon print version of record. 311 $a90-04-13625-8 320 $aIncludes bibliographical references and index. 327 $aIntroduction. -- Immigrants from the Former Soviet Union in Israel -- Methodology -- Immigrants' Survey -- Survey of the General Population -- Students' Survey -- Focus Groups -- Chapter 1. Theoretical Framework -- Definitions of "Ethnic Group" -- Immigration and Ethnic Formation -- Ethnic Mobilization -- The Reactive Perspective -- The Competitive Model of Ethnic Mobilization -- Criticism of the Reactive and Competitive Approaches -- Rational Choice Theory -- The Role of the State -- Chapter 2. Israeli Society: A Background -- Immigration and the Construction of Social Boundaries -- Unique vs. Typical Immigration -- An Ideological Value or a Means to Achieve Political Goals -- Immigration and Ethnic Formation in Israel -- Background of Jewish Ethnicity -- Ethnic Composition over Time -- Ethnicity as a Socio-Cultural Rift -- The Modernization-Establishment Approach -- The Melting Pot Ideology -- Counter-approaches to Ethnic Relations -- Ethnic mobilization -- Ethnicity and the Religious-Nonreligious Divide -- The Jewish-Arab Divide -- Background -- Policy toward the Palestinians in Israel -- Social Change -- Economic Deterritorialization -- Political Territorialization -- Multiculturalism vs. Tribalism in Israeli Society -- Chapter 3. The Jews of Russia and the Former Soviet Union: Background and -- Waves of Immigration -- Emigration by Russian/Soviet/FSU Jews -- The First Waves to Palestine -- Immigrants from the Soviet Union in the 1970s -- Ethiopia: A New Reservoir of Immigrants -- Aspirations for Aliya from the West -- The 1990s Wave -- Main Trends -- Differences between the 1970s and the 1990s Waves -- Chapter 4. Identity Patterns and Ethnic Formation -- Communal Ethnic Organizations -- Sources of Information, Russian-Language Media -- Motivation for Migration and Connection with the Home Country -- Self-Identification -- Non-Jewish immigrants -- The Other - Definition: How Veteran Israelis Perceive the Immigrants -- Chapter 5. Attitudes toward Civil Society and Freedom of Expression -- Character of Israel -- Attitudes toward Peace -- Freedom of Expression -- Communication Environments -- Permissiveness -- The Ranking of Rights -- Chapter 6. Political Organization -- Voting Patterns in the Knesset Elections -- Collective vs. Individual Factors behind the Voting Patterns -- Factors behind the Voting for Prime Minister -- The Elections of 2003 -- Local Elections -- Chapter 7. Immigrants versus Israeli Society -- Adjustment Patterns -- Residential Adjustment -- Economic Adjustment -- Social Adjustment -- Mutual Influence -- Immigrants' Social Distance from Other Groups in Israel -- Social Distance from Arabs -- Social Distance from other Jewish Groups -- Chapter 8. Attitudes of Veteran Groups toward Immigrants -- Attitudes in the Early 1990s -- Jewish Leadership -- Jewish Public -- The Arab Leadership -- Arab Public -- Trends over Time: A Decade later -- Internal Divisions within Jewish Populations -- Tolerance of Separate Immigrant Organizations -- Social Distance -- The Attitudes of the Younger Generation -- Social Distance as Felt by the Younger Generation -- Concluding Remarks -- References -- List of tables -- List of Figures. 330 $aThis book deals with the ethnic formation among the 1990s immigrants from the former Soviet Union in Israel, in light of both domestic changes, and developments in the Israel- Arab conflict. Based on a broad variety of quantitative and qualitative methods, the book presents a detailed analysis of identity patterns among these immigrants, their orientation in matters of religion, society, culture and politics, and their relationships with all the constituent groups in Israeli society - including the Palestinian minority. The book provides a new critical perspective on questions of immigration, ethnicity and society in Israel. The analysis is placed in a global theoretical context that challenges the dominant approach in the sociology of immigration in Israel, which is based on the Zionist paradigm. 410 0$aInternational Studies in Sociology and Social Anthropology ;$v91. 517 3 $aThe Case of the 1990s Immigrants from the Former Soviet Union in Israel 606 $aImmigrants$zIsrael 606 $aJews, Soviet$zIsrael$xSocial conditions 606 $aSocial adjustment$zIsrael 606 $aSocial surveys$zIsrael 608 $aElectronic books. 615 0$aImmigrants 615 0$aJews, Soviet$xSocial conditions. 615 0$aSocial adjustment 615 0$aSocial surveys 676 $a305.892/4047 700 $aAl-Haj$b Majid$0877568 801 0$bNL-LeKB 801 1$bNL-LeKB 906 $aBOOK 912 $a9910450112003321 996 $aImmigration and ethnic formation in a deeply divided society$91959615 997 $aUNINA LEADER 04085oam 2200889 c 450 001 9910836876503321 005 20260302090207.0 010 $a9783732851836 010 $a3732851834 010 $a9783839451830 010 $a3839451833 024 7 $a10.14361/9783839451830 035 $a(CKB)4100000011248628 035 $a(DE-B1597)544779 035 $a(DE-B1597)9783839451830 035 $a(OCoLC)1158174608 035 $a(MiAaPQ)EBC6760045 035 $a(Au-PeEL)EBL6760045 035 $a(transcript Verlag)9783839451830 035 $a(MiAaPQ)EBC30494893 035 $a(Au-PeEL)EBL30494893 035 $a(ScCtBLL)afadacbf-6977-42cd-82d6-ff7b7dc5d124 035 $a(Perlego)1527785 035 $a(oapen)doab38157 035 $a(EXLCZ)994100000011248628 100 $a20260302d2020 uy 0 101 0 $aeng 135 $aur||||||||||| 181 $ctxt$2rdacontent 182 $cc$2rdamedia 183 $acr$2rdacarrier 200 10$aSocializing Development$eTransnational Social Movement Advocacy and the Human Rights Accountability of Multilateral Development Banks$fLeon Valentin Schettler 205 $a1st ed. 210 $aBielefeld$ctranscript Verlag$d2020 215 $a1 online resource (274 p.) 225 0 $aSoziale Bewegung und Protest 311 08$a9783837651836 311 08$a3837651835 327 $aFrontmatter 1 Contents 5 Acknowledgements 9 Abstract 11 List of Abbreviations 15 Introduction 17 1. Human Rights Accountability as a minimum threshold of MDB Legitimacy 25 2. Transnational Social Movements as agents of change in World Politics 49 3. Analytical Framework 65 4. Research Design 95 5. Human Rights Accountability at the World Ban 117 6. Case 1: A Revolution of World Bank Accountability (1988 - 1994) 123 7. Case 2: The Dilution of World Bank 157 8. Analysis 201 Conclusion 223 References 239 Appendix: List of Interviewees and Background Conversations 271 330 $aAs Multilateral Development Banks increasingly gained influence in shaping global development, transnational social movements pushed to hold them accountable for their human rights impact towards communities. Leon Valentin Schettler presents a novel causal mechanism of movement advocacy towards MDBs, combining disruptive and conventional tactics. Systematically comparing the evolution of human rights standards and complaint mechanisms over the last three decades, he reveals how the combination of 1) declining US hegemony, 2) counter-mobilization by China and 3) movement cooptation by the World Bank bureaucracy led to a dilution of human rights accountability in the 2010s. 330 1 $aBesprochen in:www.centrum3.at, 9 (2020) 410 0$aSoziale Bewegung und Protest 517 2 $aSchettler, Socializing Development$eTransnational Social Movement Advocacy and the Human Rights Accountability of Multilateral Development Banks 606 $aHuman Rights 606 $aDevelopment 606 $aSocial Movements 606 $aWorld Bank 606 $aSociety 606 $aNeoliberalism 606 $aEconomy 606 $aPolitics 606 $aInternational Relations 606 $aFinance 606 $aPolitical Science 606 $aProcess Tracing 615 4$aHuman Rights 615 4$aDevelopment 615 4$aSocial Movements 615 4$aWorld Bank 615 4$aSociety 615 4$aNeoliberalism 615 4$aEconomy 615 4$aPolitics 615 4$aInternational Relations 615 4$aFinance 615 4$aPolitical Science 615 4$aProcess Tracing 676 $a330 686 $aMR 5600$2rvk 700 $aSchettler$b Leon Valentin$p
Leon Valentin Schettler, Brot für die Welt Berlin, Deutschland
$4aut$01888515 712 02$atranscript: Open Library 2020 (Politik)$4fnd$4http://id.loc.gov/vocabulary/relators/fnd 801 0$bDE-B1597 801 1$bDE-B1597 906 $aBOOK 912 $a9910836876503321 996 $aSocializing Development$94527552 997 $aUNINA